000 00698nam a2200229 4500
003 OSt
005 20240628071229.0
006 a
008 240628b |||||||| |||| 00| 0 eng d
020 _a9780470460337
040 _aDWCL-Main lib.
_cOC
082 _2Eleventh edition
_aCirc. 910.202 S559u 2010
100 _aShowker, Kay
245 _aThe unofficial guide to cruises /
250 _aEleventh edition
260 _aN. J. :
_bJohn Wiley & Sons, Inc.,
_cc2010.
300 _ax,
_b690 p. : ill. , maps ;
_c21 cm.
504 _aIncludes indexes.
650 _a1. Ocean travel-Guidebooks.
650 _a2. Cruise ships-Guidebooks.
942 _2ddc
_n0
_cBK-CIRC
_eEleventh edition
_kCirc.
999 _c1603
_d1603